[Event "Thessaloniki Tower op"]
[Site "Thessaloniki"]
[Date "1999.11.17"]
[Round "5"]
[White "Psomiadis, Stavros"]
[Black "Hadzikonstantinou, Dimitrios"]
[Result "1-0"]
[WhiteElo "2192"]
[BlackElo "2012"]
[PlyCount "87"]
[EventDate "1999.??.??"]
[EventType "swiss"]
[EventRounds "9"]
[EventCountry "GRE"]
[SourceTitle "EXT 2002"]
[Source "ChessBase"]
[SourceDate "2001.11.25"]
[SourceVersion "1"]
[SourceVersionDate "2001.11.25"]
[SourceQuality "1"]

1. e4 g6 2. d4 Bg7 3. Nf3 d6 4. Bc4 Nf6 5. Qe2 0-0 6. h3 c5 7. dxc5 Qa5+ 8. c3 Qxc5 9. Be3 Qc7 10. Nbd2 Nc6 11. 0-0 Na5 12. Bd3 Bd7 13. Bg5 h6 14. Bh4 Nc6 15. Rae1 Nh5 16. Bb1 g5 17. Nxg5 hxg5 18. Qxh5 gxh4 19. e5 f5 20. e6 Be8 21. Qg5 Ne5 22. Bxf5 Rxf5 23. Qxf5 Bg6 24. Qg5 Bf6 25. Qh6 Bd3 26. f4 Nc4 27. Rf2 Nxd2 28. Rxd2 Bh7 29. Kh1 Kh8 30. f5 Qc5 31. Rf1 Rg8 32. Qh5 Qc6 33. Qf3 Qa6 34. Rdf2 Rg3 35. Qe4 Qb5 36. a4 Qa6 37. Rf3 Rg8 38. R1f2 Rc8 39. Rf4 Rf8 40. Rxh4 Bxh4 41. Qxh4 Qb6 42. f6 Qd8 43. f7 Kg7 44. Qd4+ 1-0

[Event "Kavala op 08th"]
[Site "Kavala"]
[Date "1998.08.14"]
[Round "4"]
[White "Graf, Rena"]
[Black "Hadzikonstantinou, Dimitrios"]
[Result "1-0"]
[WhiteElo "2200"]
[BlackElo "2030"]
[PlyCount "59"]
[EventDate "1998.08.??"]
[EventType "swiss"]
[EventRounds "9"]
[EventCountry "GRE"]
[SourceTitle "EXT 2004"]
[Source "ChessBase"]
[SourceDate "2003.11.25"]
[SourceVersion "1"]
[SourceVersionDate "2003.11.25"]
[SourceQuality "1"]

1. d4 Nf6 2. c4 c5 3. d5 e5 4. Nc3 d6 5. e4 Be7 6. f3 h6 7. Be3 Nbd7 8. Qd2 Nh5 9. Nge2 a6 10. 0-0-0 g5 11. Ng3 Ndf6 12. Kb1 Bd7 13. Nf5 Bxf5 14. exf5 Qa5 15. Bd3 Nf4 16. g3 Nxd3 17. Qxd3 Nd7 18. Bd2 Qc7 19. f4 f6 20. fxg5 hxg5 21. h4 gxh4 22. gxh4 0-0-0 23. Ne4 Rdg8 24. h5 Nf8 25. Qf3 Nh7 26. Rdg1 Nf8 27. h6 Rxg1+ 28. Rxg1 Qd8 29. Qh5 Kd7 30. Rg7 1-0

[Event "Kavala op 08th"]
[Site "Kavala"]
[Date "1998.08.12"]
[Round "2"]
[White "Velickovic, Sasa"]
[Black "Hadzikonstantinou, Dimitrios"]
[Result "1-0"]
[WhiteElo "2395"]
[BlackElo "2030"]
[PlyCount "93"]
[EventDate "1998.08.??"]
[EventType "swiss"]
[EventRounds "9"]
[EventCountry "GRE"]
[SourceTitle "EXT 2004"]
[Source "ChessBase"]
[SourceDate "2003.11.25"]
[SourceVersion "1"]
[SourceVersionDate "2003.11.25"]
[SourceQuality "1"]

1. e4 f6 2. d4 e6 3. Bd3 Ne7 4. Ne2 d5 5. 0-0 g6 6. c4 c6 7. Nbc3 Bg7 8. exd5 exd5 9. Nf4 0-0 10. cxd5 cxd5 11. Qb3 Kh8 12. Ncxd5 Nbc6 13. Nxe7 Qxe7 14. Be3 Qd6 15. d5 Ne5 16. Be2 b6 17. Bd2 a5 18. Be3 Rb8 19. h3 Bd7 20. Bb5 Bf5 21. Qa3 Rfd8 22. Rfd1 Bf8 23. Qxd6 Bxd6 24. Rac1 g5 25. Ne6 Rg8 26. Nd4 Bd7 27. Bxd7 Nxd7 28. Nc6 Rbe8 29. Re1 Kg7 30. Bd4 Kg6 31. Re6 Rxe6 32. dxe6 Nc5 33. Bxc5 Bxc5 34. Nxa5 Re8 35. Nb3 Bd6 36. Rc6 Rxe6 37. g3 Re1+ 38. Kg2 Be5 39. Nd2 Bxb2 40. Rxb6 Bc3 41. Nf3 Re2 42. Ra6 h5 43. Kf1 Rc2 44. Rc6 Rc1+ 45. Kg2 Kf7 46. Rc7+ Ke6 47. Nd4+ 1-0